000 01361nam a2200301 a 4500
001 79168
003 BD-RjUL
005 20220112145113.0
008 160725s1990 wj 000 0 ara d
035 _a(BD-RjUL)79168
040 _aHAI
_beng
_cBD-RjUL
041 0 _aara
082 _223
_a333.325694
_bKAA 1990
100 1 _aKanaana, Sharif ;; كناعنة، شريف
_9691
245 1 0 _aأبو كشك ومسكة' ;; abu kishk wamiskat /
_cSherif Kanaana, Lubna Abdel Hadi ;; شريف كناعنة، لبنى عبد الهادي
260 _aبير زيت :Bairut :
_bجامعة بير زيت،jamieat bir zit,
_c١٩٩٠1990
300 _a158 p. :
_bصور ؛
_c٢٤ س.
490 1 _aalquraa alfilastiniat almudamirat ; ; القرى الفلسطينية المدمرة
_v٩
650 _a Jewish-Arab relations -- 1917-;
_9692
650 _a Land tenure -- Palestine;
_9693
650 _a Land tenure -- Israel;
_9694
650 _aVillages -- Palestine -- History; Palestine -- Genealogy;
_9695
651 4 _aAbu Kishk (Israel)
_9696
700 1 _aAbdul Hadi, Lubna ;; عبد الهادي، لبنى
_9697
830 0 _aalquraa alfilastiniat almudamira ;; القرى الفلسطينية المدمرة
_9698
830 0 _aالقرى الفلسطينية المدمرة ؛ ;; alquraa alfilastiniat almudamira ;
_v٩
_9699
942 _2ddc
_cBK
999 _c79168
_d79168